Responses for show #4945 - Friday, February 24, 2006

Contestants

Dave Lombard, a program manager from Houston, Texas

Trevor Pritchard, a freelance writer from Toronto, Ontario, Canada

Bonnie Clair, an attorney from St. Louis, Missouri (whose 1-day cash winnings total $16,401)

Jeopardy! Round responses

THE 1800s
RAY CHARLES & FRIENDS
PACKAGING
LITERARY PLACES
ATTENTION, SPACE CADETS
T3: RISE OF THE CONSONANTS
(Alex: Each correct response will have three "T"s.)
    $200 7
Queen Victoria

Dave
    $200 1
(Alex: Oh, that voice brings back a lot of memories for me because I remember the '50s and the '60s. Yes, that's [*].)

Johnny Mathis

Triple Stumper
    $200 16
cans

Dave
    $200 2
Kilimanjaro

Dave
    $200 26
Dial

Dave
    $200 21
a petticoat

Dave
    $400 8
(Alex: The poet was [*], and it was "A Visit from St. Nicholas".)

Clement Clark Moore

Triple Stumper
    $400 12
(Dave: What is "Unforgettable"?)

"Fever"

Dave
Triple Stumper
    $400 17
eggs

Bonnie
    $400 3
Africa

Dave
    $400 27
the Moon

Trevor
    $400 22
etiquette

Dave
    $600 9
Andrew Jackson

Trevor
    $600 13
Elton John

Triple Stumper
    $600 18
box tops

Bonnie
    $600 4
(Alex: How many Afghan cities do you know? [*] would be the best guess.)

Kabul

Triple Stumper
    $600 28
Pez

Trevor
    $600 23
an afterthought

Triple Stumper
    $800 10
Mecca & Medina

Trevor
    $800 14
(Bonnie: Who is Bono?)

Van Morrison

Bonnie
Triple Stumper
    $800 19
(Dave: What is a tube…or [*]?)

toothpaste

Dave
    $800 5
India

Trevor
    $800 29
Roswell (New Mexico)

Dave
    $800 24
(Alex: And in that case you would be [*].)

destitute

Triple Stumper
    $1000 11
(Le) déjeuner sur l'herbe (or Breakfast or Luncheon on the Grass)

Bonnie
    $1000 15
B.B. King

Bonnie
    $1,200 20
(Alex: Yes indeed. Tough to open some of those cans and bottles and jars.)

arthritis

Dave
    $1000 6
Tehran

Trevor
    $1000 30
(Bonnie: What is the Rose?)

the Hayden Planetarium

Bonnie
Triple Stumper
    $1000 25
(Trevor: What are the Hutterites? Oh!)

the Hittites

BonnieTrevor

Scores at the first commercial break (after clue 13):

Bonnie Trevor Dave
$1,000 $3,200 $400

Scores at the end of the Jeopardy! Round:

Bonnie Trevor Dave
$2,200 $3,200 $4,200

Double Jeopardy! Round responses

THE FOUNTAINS OF EUROPE
IMPORTED TELEVISION
COMMON BONDS
ALIAS SMITH & JONES
BALLET ROLES
ALL YOU NEED IS "LAV"
    $400 14
Rome

Trevor
    $400 17
Spanish

Trevor
    $400 6
Paula Jones

Bonnie
    $400 1
(Bonnie: What is Swan Lake?)
...
(Alex: [*]--yes, the dying [*].)

the Swan

BonnieDave
    $400 2
baklava

Bonnie
    $800 15
Athena

Bonnie
    $800 18
box

Dave
    $800 7
John Paul Jones

Dave
    $800 10
Billy the Kid

Bonnie
    $800 3
lavender

Bonnie
    $1200 16
Sweden

Trevor
    $1200 26
Trading Spaces

Dave
    $2,400 19
(Dave: What is Kentucky?)

wearing white

Dave
    $1200 8
Adam Smith

Trevor
    $1200 11
Clara

Bonnie
    $1200 4
the clavicles

Dave
    $1600 27
(Alex: And that would be [*], on which Budapest sits.)
[The end-of-round signal sounds.]

the Danube

Triple Stumper
    $1600 25
Big Brother

Trevor
    $1600 20
convertible (conversion accepted)

Dave
    $1600 22
Al Smith

Triple Stumper
    $1600 12
(Trevor: Who is Pan?)
...
(Alex: [*]. Afternoon of [*].)

a faun

BonnieTrevor
    $1,600 5
(Dave: What is Yugoslavia?)

Bratislava (in Slovakia)

Dave
    $2000 24
(Trevor: What is Where in the World Is Carmen Sandiego?)
(Dave: What is Connections?)

Antiques Roadshow

TrevorDave
Triple Stumper
    $2000 21
people who have seconds

Triple Stumper
    $2000 23
(Trevor: Who is Raleigh?)
(Alex: No. Correct response--Who is [*]? Remember, it's ALIAS SMITH & JONES.)

John Smith

Trevor
Triple Stumper
    $2000 13
the Corsair

Triple Stumper
    $2000 9
Stanislavsky

Bonnie

Scores at the end of the Double Jeopardy! Round:

Bonnie Trevor Dave
$9,800 $2,400 $4,200
(lock game)

[wagering suggestions for these scores]

Final Jeopardy! Round responses

FAMOUS AMERICANS
(Alex: Yes, his automobiles helped put the horse-and-buggy era to an end, or bring it to an end.)
TrevorWhat are horses?
$1,801
DaveWhat are tractors?
$4,000
BonnieWhat are horses?
$1,350
horses

Final scores:

Bonnie Trevor Dave
$11,150 $4,201 $200
2-day champion: $27,551 2nd place: $2,000 3rd place: $1,000

Game dynamics:

Coryat scores:

Bonnie Trevor Dave
$9,800 $2,400 $8,000
13 R,
3 W
11 R,
4 W
16 R
(including 1 DD),
4 W
(including 2 DDs)

Combined Coryat: $20,200

The J! Archive is created by fans, for fans. The Jeopardy! game show and all elements thereof, including but not limited to copyright and trademark thereto, are the property of Jeopardy Productions, Inc. and are protected under law. This website is not affiliated with, sponsored by, or operated by Jeopardy Productions, Inc. Join the discussion at JBoard.tv.